| 000 | 01791cam a22004574i 4500 | ||
|---|---|---|---|
| 003 | PE-LiUPU | ||
| 005 | 20250731173459.0 | ||
| 008 | 150616s r 000 0 d | ||
| 020 | _a0800620992 | ||
| 035 | _a(Sirsi) i9780800620998 | ||
| 040 |
_aPE-LiUPU _bspa _cPE-LiUPU _erda |
||
| 049 | _aPRUA | ||
| 082 | 0 | 4 |
_a226.206 _bK56 _221 |
| 100 | 1 |
_aKingsbury, Jack Dean, _eautor. |
|
| 245 | 1 | 0 |
_aMatthew As Story / _cJack Dean Kinsbury. |
| 264 | 1 |
_aPhiladelphia : _bFortress Press, _c1988. |
|
| 300 |
_a181 páginas ; _c21 centímetros |
||
| 336 |
_atext _2rdacontent |
||
| 337 |
_aunmediated _2rdamedia |
||
| 338 |
_avolume _2rdacarrier |
||
| 505 | 0 | _aUnderstanding Matthew: A literary-critical approach -- The presentation of Jesus -- The ministry of Jesus to Israel and Israel's -- The journey of Jesus to Jerusalem and his suffering -- Jesus' Use of :the Son of Man" -- The great speeches of Jesus -- The antagonists of Jesus -- The discicples of Jesus -- The community of Matthew -- Concluding remarks. | |
| 526 | _aSEG42 | ||
| 526 | _aSEG41 | ||
| 526 | _aSEG40 | ||
| 526 | _aSEG39 | ||
| 526 | _aP94 | ||
| 526 | _aP87 | ||
| 526 | _aP86 | ||
| 526 | _aP85 | ||
| 526 | _aP77 | ||
| 526 | _aP76 | ||
| 526 | _aP35 | ||
| 630 |
_aBiblia. _pN.T. _pMateo _xCrítica, interpretación, etc. |
||
| 910 |
_ajck _bjvq _cjck |
||
| 942 |
_2ddc _cBOOK |
||
| 949 |
_a226.206 K56 _wDEWEY _c1 _i40231 _lCCODEBUL1 _mBUL _r0 _sY _tBOOK _u2015-6-16 _xTEOLOGIA _zUNKNOWN _0COMPRA _o.STAFF. Colección General |
||
| 994 |
_aC0 _bPEPRU |
||
| 596 | _a1 | ||
| 999 |
_a226.206 K56 _wDEWEY _c58031 _i40231 _f2021-11-9 _g5 _lCCODEBUL1 _mBUL _r0 _sY _tBOOK _u2015-6-16 _xTEOLOGIA _zUNKNOWN _0COMPRA _o.STAFF. Colección General _d58031 |
||
| 980 |
_81 _gALBERTO SANCHEZ Responsable de Automatización |
||